The decolonisation of the curriculum project (Record no. 21615)
[ view plain ]
| 000 -LEADER | |
|---|---|
| fixed length control field | 00943nam a2200133Ia 4500 |
| 008 - FIXED-LENGTH DATA ELEMENTS--GENERAL INFORMATION | |
| fixed length control field | 220620s9999||||xx |||||||||||||| ||und|| |
| 100 ## - MAIN ENTRY--PERSONAL NAME | |
| Personal name | Bailey, Roxanne||Bester, Susan||de Beer, Josef||Dudu, Washington T.||Golightly, Aubrey||Havenga, Marietjie||Jagals, Divan||Laubscher, Dorothy||Le Grange, Lesley||Mdakane, Marry||Mentz, Elsa||Olivier, Jako||Petersen, Neal||Potgieter, Erika||Sebotsa, Tswakae||Speight Vaughn, Melissa||van der Walt, Marthie||van der Westhuizen, Christo||van Wyk, Ben-Erik||White, Lounell |
| 245 #4 - TITLE STATEMENT | |
| Title | The decolonisation of the curriculum project |
| Remainder of title | The affordances of indigenous knowledge for self-directed learning |
| 546 ## - LANGUAGE NOTE | |
| Language note | English[eng] |
| 650 ## - SUBJECT ADDED ENTRY--TOPICAL TERM | |
| Topical term or geographic name entry element | Self-directed learning||decolonisation||indigenous knowledge||Cultural-Historical Activity Theory||curriculum||education||research |
| 700 ## - ADDED ENTRY--PERSONAL NAME | |
| Personal name | de Beer, Josef |
| 856 ## - ELECTRONIC LOCATION AND ACCESS | |
| Uniform Resource Identifier | <a href="https://library.oapen.org/bitstream/20.500.12657/37697/1/978-1-928523-18-5.pdf">https://library.oapen.org/bitstream/20.500.12657/37697/1/978-1-928523-18-5.pdf</a> |
| 942 ## - ADDED ENTRY ELEMENTS (KOHA) | |
| Koha item type | E-Books |
| Withdrawn status | Lost status | Damaged status | Not for loan | Home library | Current library | Date acquired | Total Checkouts | Date last seen | Price effective from | Koha item type |
|---|---|---|---|---|---|---|---|---|---|---|
| Kerala University of Digital Sciences, Innovation and Technology Knowledge Centre | Kerala University of Digital Sciences, Innovation and Technology Knowledge Centre | 20/06/2022 | 20/06/2022 | 20/06/2022 | E-Books |